| 000 | 00375cam a22001337a 4500 | ||
|---|---|---|---|
| 008 | 180718b1908 xxu||||| |||| 00| 0 eng d | ||
| 082 | _aT19x42 H748 | ||
| 100 | _aHolyoake, George Jacob | ||
| 245 |
_aThe history of co-operation _cby George Jacob Holyoake |
||
| 250 | _arev. ed. | ||
| 260 |
_aLondon _bT. Fisher Unwin _c1908 |
||
| 300 | _a691p. | ||
| 650 | _aCooperations - U.K. | ||
| 999 |
_c368554 _d368554 |
||